000 00880nam a2200337Ia 4500
008 170203s9999 xx 000 0 und d
020 _a9780439559690
050 _aFic
050 _bS857r
100 _aStilton, Geronimo.
245 _aRed pizzas for a blue count /
245 _cGeronimo Stilton ; English translation by Edizioni Piemme S.p.A.
260 _aNew York :
260 _bScholastic,
260 _c2004
300 _a116 pages :
300 _bcolor illustrations, maps ;
300 _c20 cm.
440 _aGeronimo Stilton ;
440 _v#7.
650 _aBats --
650 _aJournalists --
650 _aMice --
650 _aStilton, Geronimo (Fictitious character) --
650 _aVampires --
650 _xFiction.
650 _xFiction.
650 _xFiction.
650 _xFiction.
650 _xJuvenile fiction.
999 _c306276
_d306276